000
00267nam a22001217a 4500
008
180307b xxu||||| |||| 00| 0 eng d
041
_a
eng
080
_a
61
100
_a
4
101
_a
SHM
245
_a
Diabetes type II& what to do
_c
Valentine,V
942
_2
udc
_c
BK
999
_c
44256
_d
44256